<?xml version="1.0" encoding="UTF-8"?>
<record
    xmlns:xsi="http://www.w3.org/2001/XMLSchema-instance"
    xsi:schemaLocation="http://www.loc.gov/MARC21/slim http://www.loc.gov/standards/marcxml/schema/MARC21slim.xsd"
    xmlns="http://www.loc.gov/MARC21/slim">

  <leader>02432cam a2200637 a 4500</leader>
  <datafield tag="999" ind1=" " ind2=" ">
    <subfield code="c">23002</subfield>
    <subfield code="d">23002</subfield>
  </datafield>
  <controlfield tag="001">vtls011566109</controlfield>
  <controlfield tag="005">20211109091717.0</controlfield>
  <controlfield tag="008">171215s2016    xo hoabg      000 0 slo  </controlfield>
  <datafield tag="020" ind1=" " ind2=" ">
    <subfield code="a">9788097232085 (viaz.)</subfield>
  </datafield>
  <datafield tag="035" ind1=" " ind2=" ">
    <subfield code="a">07FAF3EB-104B-483E-BEE8-C4DED5AA1988</subfield>
  </datafield>
  <datafield tag="035" ind1=" " ind2=" ">
    <subfield code="a">urn:nbn:sk:snk-amtgzy</subfield>
  </datafield>
  <datafield tag="035" ind1=" " ind2=" ">
    <subfield code="a">urn:nbn:sk:snk-am00bxhd</subfield>
  </datafield>
  <datafield tag="035" ind1=" " ind2=" ">
    <subfield code="a">C898CFD7-65A5-45BF-ADD1-CFDB83E0EEF1</subfield>
  </datafield>
  <datafield tag="035" ind1=" " ind2=" ">
    <subfield code="a">urn:nbn:sk:snk-am00bxhe</subfield>
  </datafield>
  <datafield tag="040" ind1=" " ind2=" ">
    <subfield code="a">SVKBB</subfield>
    <subfield code="b">slo</subfield>
    <subfield code="c">SVKBB</subfield>
    <subfield code="d">SNK</subfield>
    <subfield code="e">AACR2</subfield>
  </datafield>
  <datafield tag="041" ind1="0" ind2=" ">
    <subfield code="a">slo</subfield>
  </datafield>
  <datafield tag="044" ind1=" " ind2=" ">
    <subfield code="a">xo</subfield>
    <subfield code="c">SK</subfield>
  </datafield>
  <datafield tag="072" ind1=" " ind2="7">
    <subfield code="a">329</subfield>
    <subfield code="x">Politick&#xE9; strany a hnutia</subfield>
    <subfield code="2">konspekt</subfield>
  </datafield>
  <datafield tag="072" ind1=" " ind2="7">
    <subfield code="a">94(437.6)</subfield>
    <subfield code="x">Dejiny Slovenskej republiky</subfield>
    <subfield code="2">konspekt</subfield>
  </datafield>
  <datafield tag="080" ind1=" " ind2=" ">
    <subfield code="a">32</subfield>
    <subfield code="2">2011</subfield>
  </datafield>
  <datafield tag="080" ind1=" " ind2=" ">
    <subfield code="a">94(4)"1848/1849"</subfield>
    <subfield code="2">2011</subfield>
  </datafield>
  <datafield tag="080" ind1=" " ind2=" ">
    <subfield code="a">329.1/.6</subfield>
    <subfield code="2">2011</subfield>
  </datafield>
  <datafield tag="080" ind1=" " ind2=" ">
    <subfield code="a">929</subfield>
    <subfield code="2">2011</subfield>
  </datafield>
  <datafield tag="080" ind1=" " ind2=" ">
    <subfield code="a">94(437.6)</subfield>
    <subfield code="2">2011</subfield>
  </datafield>
  <datafield tag="080" ind1=" " ind2=" ">
    <subfield code="a">(048.8)</subfield>
    <subfield code="2">2011</subfield>
  </datafield>
  <datafield tag="080" ind1=" " ind2=" ">
    <subfield code="a">328/329</subfield>
    <subfield code="2">2011</subfield>
  </datafield>
  <datafield tag="080" ind1=" " ind2=" ">
    <subfield code="a">(082.2)</subfield>
    <subfield code="2">2011</subfield>
  </datafield>
  <datafield tag="100" ind1="1" ind2=" ">
    <subfield code="a">Pecn&#xED;k, Marcel,</subfield>
    <subfield code="d">1983-</subfield>
    <subfield code="4">aut</subfield>
    <subfield code="4">com</subfield>
    <subfield code="9">2312</subfield>
  </datafield>
  <datafield tag="245" ind1="1" ind2="0">
    <subfield code="a">1871</subfield>
    <subfield code="b">za&#x10D;iatky slovenskej politiky a vznik Slovenskej n&#xE1;rodnej strany</subfield>
    <subfield code="c">Marcel Pecn&#xED;k a kolekt&#xED;v</subfield>
  </datafield>
  <datafield tag="246" ind1="3" ind2=" ">
    <subfield code="a">Tis&#xED;cosemstosedemdesiatjeden</subfield>
  </datafield>
  <datafield tag="246" ind1="3" ind2="0">
    <subfield code="a">Za&#x10D;iatky slovenskej politiky a vznik Slovenskej n&#xE1;rodnej strany</subfield>
  </datafield>
  <datafield tag="260" ind1=" " ind2=" ">
    <subfield code="a">[Bratislava]</subfield>
    <subfield code="b">Slovensk&#xE1; n&#xE1;rodn&#xE1; strana</subfield>
    <subfield code="c">2016</subfield>
  </datafield>
  <datafield tag="300" ind1=" " ind2=" ">
    <subfield code="a">87 s.</subfield>
    <subfield code="b">faks., fotogr., ilustr., mp.</subfield>
    <subfield code="c">30 cm</subfield>
    <subfield code="e">17 l.</subfield>
  </datafield>
  <datafield tag="500" ind1=" " ind2=" ">
    <subfield code="a">Vydan&#xE9; pri pr&#xED;le&#x17E;itosti 145. v&#xFD;ro&#x10D;ia vzniku  Slovenskej n&#xE1;rodnej strany</subfield>
  </datafield>
  <datafield tag="500" ind1=" " ind2=" ">
    <subfield code="a">Miesto vyd. pod&#x13E;a ISBN</subfield>
  </datafield>
  <datafield tag="610" ind1="2" ind2="7">
    <subfield code="a">Slovensk&#xE1; n&#xE1;rodn&#xE1; strana</subfield>
    <subfield code="2">SNKKA</subfield>
    <subfield code="9">2313</subfield>
  </datafield>
  <datafield tag="648" ind1=" " ind2="7">
    <subfield code="a">1848-1871</subfield>
    <subfield code="2">SNKPH</subfield>
    <subfield code="9">2314</subfield>
  </datafield>
  <datafield tag="650" ind1="0" ind2="7">
    <subfield code="a">politika</subfield>
    <subfield code="2">SNKPH</subfield>
    <subfield code="9">2186</subfield>
  </datafield>
  <datafield tag="650" ind1="0" ind2="7">
    <subfield code="a">Policy</subfield>
    <subfield code="2">SNKPHeng</subfield>
    <subfield code="9">2315</subfield>
  </datafield>
  <datafield tag="650" ind1="0" ind2="7">
    <subfield code="a">politick&#xE9; strany</subfield>
    <subfield code="x">dejiny</subfield>
    <subfield code="2">SNKPH</subfield>
    <subfield code="9">2316</subfield>
  </datafield>
  <datafield tag="650" ind1="0" ind2="7">
    <subfield code="a">Celebrities</subfield>
    <subfield code="2">SNKPHeng</subfield>
    <subfield code="9">2317</subfield>
  </datafield>
  <datafield tag="650" ind1="0" ind2="7">
    <subfield code="a">Political parties</subfield>
    <subfield code="x">history</subfield>
    <subfield code="2">SNKPHeng</subfield>
    <subfield code="9">2318</subfield>
  </datafield>
  <datafield tag="650" ind1="0" ind2="7">
    <subfield code="a">osobnosti</subfield>
    <subfield code="2">SNKPH</subfield>
    <subfield code="9">2319</subfield>
  </datafield>
  <datafield tag="650" ind1="0" ind2="7">
    <subfield code="a">revol&#xFA;cia (1848-1849)</subfield>
    <subfield code="2">SNKPH</subfield>
    <subfield code="9">2320</subfield>
  </datafield>
  <datafield tag="650" ind1="0" ind2="7">
    <subfield code="a">Revolution (1848-1849)</subfield>
    <subfield code="2">SNKPHeng</subfield>
    <subfield code="9">2321</subfield>
  </datafield>
  <datafield tag="651" ind1=" " ind2="7">
    <subfield code="a">Slovensko</subfield>
    <subfield code="x">politika a vl&#xE1;da</subfield>
    <subfield code="2">SNKPH</subfield>
    <subfield code="9">1976</subfield>
  </datafield>
  <datafield tag="651" ind1=" " ind2="7">
    <subfield code="a">Slovakia</subfield>
    <subfield code="x">politics and government</subfield>
    <subfield code="2">SNKPHeng</subfield>
    <subfield code="9">1977</subfield>
  </datafield>
  <datafield tag="651" ind1=" " ind2="7">
    <subfield code="a">Slovensko</subfield>
    <subfield code="x">dejiny</subfield>
    <subfield code="2">SNKPH</subfield>
    <subfield code="9">1981</subfield>
  </datafield>
  <datafield tag="651" ind1=" " ind2="7">
    <subfield code="a">Slovakia</subfield>
    <subfield code="x">history</subfield>
    <subfield code="2">SNKPHeng</subfield>
    <subfield code="9">2322</subfield>
  </datafield>
  <datafield tag="655" ind1=" " ind2="7">
    <subfield code="a">monografie</subfield>
    <subfield code="2">SNKPH</subfield>
    <subfield code="9">1661</subfield>
  </datafield>
  <datafield tag="655" ind1=" " ind2="7">
    <subfield code="a">Monographs</subfield>
    <subfield code="2">SNKPHeng</subfield>
    <subfield code="9">1662</subfield>
  </datafield>
  <datafield tag="655" ind1=" " ind2="7">
    <subfield code="a">jubilejn&#xE9; publik&#xE1;cie</subfield>
    <subfield code="2">SNKPH</subfield>
    <subfield code="9">2323</subfield>
  </datafield>
  <datafield tag="655" ind1=" " ind2="7">
    <subfield code="a">Jubilee books</subfield>
    <subfield code="2">SNKPHeng</subfield>
    <subfield code="9">2324</subfield>
  </datafield>
  <datafield tag="700" ind1="1" ind2=" ">
    <subfield code="a">Dobrov&#xE1;, Veronika</subfield>
    <subfield code="4">aut</subfield>
    <subfield code="9">2325</subfield>
  </datafield>
  <datafield tag="952" ind1=" " ind2=" ">
    <subfield code="0">0</subfield>
    <subfield code="1">0</subfield>
    <subfield code="2">udc</subfield>
    <subfield code="4">0</subfield>
    <subfield code="7">0</subfield>
    <subfield code="8">D</subfield>
    <subfield code="a">10000</subfield>
    <subfield code="b">10000</subfield>
    <subfield code="d">2021-11-09</subfield>
    <subfield code="i">21353</subfield>
    <subfield code="o">S1495</subfield>
    <subfield code="p">S1495</subfield>
    <subfield code="r">2021-11-09</subfield>
    <subfield code="w">2021-11-09</subfield>
    <subfield code="y">OLDO</subfield>
  </datafield>
</record>
